MARC

LEADER 00000nam0a2200000 4500
001 54760
005 20231031050802.0
010 |a 490622464 
035 |a (RuTPU)RU\TPU\book\57436 
090 |a 54760 
100 |a 20030828d2002 km y0rusy50 ca 
101 1 |a rus  |c eng 
102 |a RU 
105 |a a z 001zy 
200 1 |a Мотивация персонала. Ключевой фактор менеджмента  |e пер. с англ.  |f Под ред. Йосио Кондо 
210 |a Нижний Новгород  |c Приоритет  |d 2002 
215 |a 205 с.  |c ил. 
320 |a Библиогр.: с. 205-206. 
610 1 |a мотивация 
610 1 |a экономика 
610 1 |a персонал 
610 1 |a управление 
610 1 |a потребности 
610 1 |a психология 
610 1 |a человек 
610 1 |a работа 
610 1 |a творчество 
610 1 |a стандартизация 
610 1 |a лидерство 
610 1 |a руководители 
610 1 |a труд 
686 |a У824  |v LBC/SL-A  |2 rubbk 
686 |a У821  |v LBC/SL-A  |2 rubbk 
702 0 |a Йосио Кондо  |4 340 
801 1 |a RU  |b 63413507  |c 20030828  |g PSBO 
801 2 |a RU  |b 63413507  |c 20030923  |g PSBO 
801 2 |a RU  |b 63413507  |c 20151222  |g PSBO 
942 |c BK